The Defence economy: conversion of industries and occupations to civilian needs (Record no. 350611)

000 -LEADER
fixed length control field 00422cam a22001337a 4500
008 - FIXED-LENGTH DATA ELEMENTS--GENERAL INFORMATION
fixed length control field 180718b1970 xxu||||| |||| 00| 0 eng d
082 ## - DEWEY DECIMAL CLASSIFICATION NUMBER
Classification number T2x73 M49
245 ## - TITLE STATEMENT
Title The Defence economy: conversion of industries and occupations to civilian needs
Statement of responsibility, etc. edited by Seymour Melman
260 ## - PUBLICATION, DISTRIBUTION, ETC.
Place of publication, distribution, etc. New York
Name of publisher, distributor, etc. Praeger
Date of publication, distribution, etc. 1970
300 ## - PHYSICAL DESCRIPTION
Extent 528p.
650 ## - SUBJECT ADDED ENTRY--TOPICAL TERM
Topical term or geographic name entry element Disarmament - U.S.A.
650 ## - SUBJECT ADDED ENTRY--TOPICAL TERM
Topical term or geographic name entry element Industry - U.S.A.
700 ## - ADDED ENTRY--PERSONAL NAME
Personal name Melman, Seymour
Holdings
Withdrawn status Lost status Damaged status Not for loan Permanent Location Current Location Date acquired Full call number Barcode Date last seen Price effective from Koha item type
        Indian Institute of Public Administration Indian Institute of Public Administration 1993-11-08 T2x73 M49 45675 2018-07-21 2018-07-21 Book

Powered by Koha